[Event "Eliteserien 2018 19"]
[Site "Oslo og Tromsø"]
[Date "2018.11.02"]
[Round "2"]
[White "Predojevic, Borki"]
[Black "Nilsen, Joachim Birger"]
[Result "1-0"]
[WhiteElo "2616"]
[BlackElo "2397"]
[PlyCount "39"]
[EventDate "2018.??.??"]

1. Nf3 d5 2. g3 c6 3. c4 Bg4 4. Qb3 Qb6 5. Ne5 Be6 6. d3 Nf6 7. Bg2 dxc4 8.
Nxc4 Qa6 9. O-O Nbd7 10. Nbd2 Nb6 11. Qc3 Nxc4 12. Nxc4 Rc8 13. b4 g6 14. a4
Bg7 15. Bb2 O-O 16. Qb3 Nd7 17. Bxg7 Kxg7 18. Qb2+ Kg8 19. b5 cxb5 20. axb5
1-0

[Event "Eliteserien 2018 19"]
[Site "Oslo og Tromsø"]
[Date "2018.11.02"]
[Round "2"]
[White "Bern, Ivar"]
[Black "Tari, Aryan"]
[Result "0-1"]
[WhiteElo "2302"]
[BlackElo "2625"]
[PlyCount "68"]
[EventDate "2018.??.??"]

1. c4 e5 2. Nc3 Bb4 3. Nf3 Bxc3 4. dxc3 Nc6 5. e4 d6 6. Bd3 Nge7 7. Nh4 O-O 8.
Qf3 Ng6 9. Nxg6 fxg6 10. Qg3 Be6 11. h4 Qe8 12. Be3 a6 13. Be2 h6 14. O-O Kh7
15. Rfd1 Qf7 16. b3 a5 17. c5 a4 18. cxd6 cxd6 19. bxa4 Qc7 20. h5 g5 21. Bg4
Qd7 22. Bxe6 Qxe6 23. Rd2 Rxa4 24. Rad1 Rxe4 25. Rxd6 Qxa2 26. Bc5 Rff4 27. Rd7
Qc4 28. Be3 Rf7 29. Rxf7 Qxf7 30. Qh3 Rh4 31. Rd7 Qxh5 32. Qf5+ Kg8 33. g3 Rh1+
34. Kg2 Re1
0-1

[Event "Eliteserien 2018 19"]
[Site "Oslo og Tromsø"]
[Date "2018.11.02"]
[Round "2"]
[White "Christiansen, Johan-Sebastian"]
[Black "Stokke, Kjetil"]
[Result "1-0"]
[WhiteElo "2559"]
[BlackElo "2334"]
[PlyCount "103"]
[EventDate "2018.??.??"]

1. e4 c5 2. Nf3 g6 3. c3 d5 4. exd5 Qxd5 5. d4 Bg7 6. Nbd2 Nf6 7. Bc4 Qd6 8.
Ng5 O-O 9. Qb3 e6 10. Nde4 Nxe4 11. Nxe4 Qc6 12. d5 exd5 13. Bxd5 Qc7 14. Be3
Nd7 15. Rd1 Rb8 16. O-O b6 17. Nd6 Ne5 18. Rfe1 c4 19. Nxc4 Ng4 20. Nd6 Be5 21.
Nxf7 Bxh2+ 22. Kh1 Nxe3 23. Rxe3 Bf4 24. Rf3 Kg7 25. Qb4 g5 26. Nxg5 Bg4 27.
Ne6+ Bxe6 28. Bxe6 Rbe8 29. Bh3 Kh8 30. Qd4+ Be5 31. Rxf8+ Rxf8 32. Qe3 Bf4 33.
Qe4 Qe5 34. Qc2 Re8 35. g3 Bh6 36. Rd7 Re7 37. Rxe7 Qxe7 38. Bf5 Bg5 39. Kg2 h6
40. Qd3 Kg7 41. Bg4 Qd8 42. Qc4 Qd6 43. Bh5 Qd7 44. Qe4 Qd6 45. a3 a5 46. Bf3
Bc1 47. Qb7+ Kf6 48. Bd5 Ke5 49. f4+ Bxf4 50. gxf4+ Kxf4 51. Qc6 Qe5 52. Qxh6+
1-0

[Event "Eliteserien 2018 19"]
[Site "Oslo og Tromsø"]
[Date "2018.11.02"]
[Round "2"]
[White "Haldorsen, Benjamin"]
[Black "Howell, David W L"]
[Result "0-1"]
[WhiteElo "2454"]
[BlackElo "2685"]
[PlyCount "174"]
[EventDate "2018.??.??"]

1. e4 e5 2. Nf3 Nc6 3. Bc4 Bc5 4. O-O Nf6 5. d3 d6 6. c3 a5 7. Re1 h6 8. Nbd2
O-O 9. Nf1 Ne7 10. Ng3 Ng6 11. Bb3 b5 12. a3 a4 13. Ba2 Bb6 14. h3 Re8 15. d4
c5 16. dxe5 dxe5 17. Qxd8 Bxd8 18. Be3 c4 19. Rad1 Bc7 20. Bb1 Bb7 21. Rd2 Nf4
22. Red1 h5 23. h4 g6 24. Bc5 Rac8 25. Bd6 Bc6 26. Bxc7 Rxc7 27. Rd8 Ng4 28.
Ne1 Kf8 29. R8d2 Nf6 30. f3 Rd7 31. Kf2 Ke7 32. Ne2 Ne6 33. Nc2 Nc5 34. Nb4
Rxd2 35. Rxd2 Bxe4 36. Bxe4 Nfxe4+ 37. fxe4 Nxe4+ 38. Ke3 Nxd2 39. Kxd2 Rd8+
40. Ke1 Ke6 41. Ng3 f5 42. Ke2 Rd6 43. Nc2 Rd3 44. Nf1 f4 45. Ne1 Rd5 46. Nf3
Kf5 47. N1d2 e4 48. Nh2 Rd3 49. Nhf1 Ke5 50. Ke1 Kd5 51. Ke2 Ke5 52. Ke1 Kd5
53. Ke2 b4 54. Nb1 b3 55. Nbd2 e3 56. Nf3 Ke4 57. g3 fxg3 58. Nxg3+ Kf4 59. Nf1
Rxc3 60. bxc3 b2 61. N1d2 exd2 62. Nxd2 Kg3 63. Kd1 Kxh4 64. Kc2 Kg3 65. Nxc4
Kf4 66. Nxb2 h4 67. Nd3+ Kg3 68. Kd2 h3 69. Ke3 h2 70. Nf2 g5 71. c4 g4 72. c5
Kg2 73. c6 g3 74. c7 gxf2 75. c8=Q f1=Q 76. Qg4+ Kh1 77. Qxa4 Qg1+ 78. Ke2 Qg2+
79. Ke3 Qg3+ 80. Ke2 Qe5+ 81. Kf1 Qf5+ 82. Ke2 Kg2 83. Qa8+ Kg3 84. Qb8+ Qf4
85. Qb3+ Kh4 86. Qb1 Qg4+ 87. Ke3 Qg1+
0-1

[Event "Eliteserien 2018 19"]
[Site "Oslo og Tromsø"]
[Date "2018.11.02"]
[Round "2"]
[White "Hauge, Lars Oskar"]
[Black "David, Edwin"]
[Result "1-0"]
[WhiteElo "2466"]
[BlackElo "2212"]
[PlyCount "65"]
[EventDate "2018.??.??"]

1. d4 c5 2. d5 g6 3. e4 d6 4. Nc3 Bg7 5. f4 Nf6 6. Nf3 O-O 7. e5 Ne8 8. Bc4 Bg4
9. e6 fxe6 10. dxe6 Nc7 11. h3 Bxf3 12. Qxf3 Nc6 13. O-O Ne5 14. Qe2 Nxc4 15.
Qxc4 Bd4+ 16. Kh1 d5 17. Qe2 Rf6 18. f5 gxf5 19. Bg5 Rxe6 20. Qd3 Rg6 21. Qxf5
Bf6 22. Bxf6 Rxf6 23. Qh5 e6 24. Qe5 Ne8 25. Ne2 Rc8 26. Nf4 Ng7 27. Rf3 Rf5
28. Qe2 Qf6 29. Raf1 Rf8 30. g4 Re5 31. Qd3 Qd8 32. Qd1 d4 33. Nd3
1-0

[Event "Eliteserien 2018 19"]
[Site "Oslo og Tromsø"]
[Date "2018.11.02"]
[Round "2"]
[White "Tunsjø, Axel"]
[Black "Øye-Strømberg, Alexander"]
[Result "1-0"]
[WhiteElo "1929"]
[BlackElo "1861"]
[PlyCount "119"]
[EventDate "2018.??.??"]

1. e4 e6 2. d4 d5 3. Nd2 Nc6 4. Ngf3 Nf6 5. e5 Nd7 6. c3 f6 7. Bb5 fxe5 8. dxe5
Be7 9. O-O O-O 10. Qe2 a6 11. Bxc6 bxc6 12. c4 Nb6 13. b3 a5 14. Rb1 Ba6 15.
Bb2 Qe8 16. Nd4 Bb4 17. Rfc1 c5 18. N4f3 Qg6 19. Qe3 Bb7 20. Nh4 Qg4 21. Ndf3
d4 22. Qg5 Qxg5 23. Nxg5 Bd2 24. Nxe6 Bxc1 25. Rxc1 Nd7 26. Nxf8 Kxf8 27. Re1
Re8 28. e6 d3 29. Kf1 Nf6 30. Ba3 Ne4 31. f3 Nc3 32. Bxc5+ Kg8 33. Be3 Rxe6 34.
Bd2 Ne2 35. Nf5 g6 36. Ng3 Nxg3+ 37. hxg3 Rxe1+ 38. Kxe1 a4 39. Kf2 axb3 40.
axb3 Kf7 41. Ke3 Ke6 42. Kxd3 h5 43. Kd4 Bc6 44. Bf4 Kd7 45. Ke5 Ke7 46. Bg5+
Kf7 47. Bd8 Bb7 48. Bxc7 g5 49. Kf5 g4 50. fxg4 hxg4 51. Kxg4 Bxg2 52. Kf4 Bf1
53. g4 Bd3 54. c5 Bb5 55. b4 Bc6 56. Ke5 Ke7 57. Bd6+ Kf7 58. Kd4 Ke6 59. Kc4
Bd5+ 60. Kb5
1-0

[Event "Eliteserien 2018 19"]
[Site "Oslo og Tromsø"]
[Date "2018.11.02"]
[Round "3"]
[White "Lie, Espen"]
[Black "Haldorsen, Benjamin"]
[Result "1-0"]
[WhiteElo "2492"]
[BlackElo "2454"]
[PlyCount "77"]
[EventDate "2018.??.??"]

1. Nf3 c5 2. b3 Nf6 3. Bb2 b6 4. g3 Bb7 5. Bg2 e6 6. O-O Be7 7. e3 O-O 8. c4 d5
9. Qe2 Nc6 10. d3 Qc7 11. Nc3 Rad8 12. Rfd1 Qb8 13. cxd5 exd5 14. d4 Rfe8 15.
Ne5 Na5 16. Na4 Bd6 17. Ng4 Nxg4 18. Qxg4 c4 19. Bc3 cxb3 20. Bxa5 bxa5 21.
axb3 Bc8 22. Qf3 g6 23. Nc5 h5 24. h3 Bxc5 25. dxc5 Qc7 26. Rac1 Be6 27. Qf4
Qb7 28. Qa4 Qc7 29. c6 Rd6 30. Rc5 Rc8 31. Rdc1 Qb6 32. c7 Rd7 33. Qc6 Kf8 34.
Bf1 Qxb3 35. Qa6 Re7 36. Qxa5 Qb6 37. Qxb6 axb6 38. R5c3 Ke8 39. h4
1-0

[Event "Eliteserien 2018 19"]
[Site "Oslo og Tromsø"]
[Date "2018.11.02"]
[Round "3"]
[White "Soderstrom, Adrian"]
[Black "Klukin, Kirill"]
[Result "0-1"]
[WhiteElo "2118"]
[BlackElo "2326"]
[PlyCount "56"]
[EventDate "2018.??.??"]

1. d4 Nf6 2. c4 g6 3. Nc3 Bg7 4. e4 d6 5. Be2 O-O 6. Be3 Na6 7. Qd2 c5 8. d5 e6
9. f3 exd5 10. cxd5 Re8 11. g4 Nc7 12. h4 a6 13. a4 Bd7 14. a5 Bb5 15. h5 Nd7
16. hxg6 fxg6 17. Nh3 Bxe2 18. Qxe2 Qf6 19. Bg5 Qf8 20. Qh2 Qxf3 21. Bd2 Bxc3
22. Bxc3 Rxe4+ 23. Kd2 Rae8 24. Ng1 Qf4+ 25. Qxf4 Rxf4 26. Ne2 Rf2 27. Rae1
Nxd5 28. Rxh7 Rfxe2+
0-1

[Event "Eliteserien 2018 19"]
[Site "Oslo og Tromsø"]
[Date "2018.11.02"]
[Round "3"]
[White "Øye-Strømberg, Alexander"]
[Black "Mikalsen, Harald"]
[Result "1-0"]
[WhiteElo "1861"]
[BlackElo "2006"]
[PlyCount "55"]
[EventDate "2018.??.??"]

1. e4 e5 2. Nc3 Nf6 3. f4 d6 4. Nf3 Bg4 5. Bc4 Be7 6. fxe5 Bxf3 7. Qxf3 dxe5 8.
Nd5 c6 9. Nxe7 Qxe7 10. d3 h6 11. O-O Nbd7 12. Be3 Nf8 13. Qg3 Ng6 14. Rf5
O-O-O 15. h4 Rdg8 16. h5 Nf4 17. Bxf4 exf4 18. Qxf4 Rf8 19. Rf1 Rd8 20. e5 Qc5+
21. Qf2 Qxf2+ 22. R1xf2 Ng4 23. Re2 f6 24. exf6 gxf6 25. Rf4 f5 26. Rxf5 Rde8
27. Be6+ Kb8 28. Rf4
1-0

[Event "Eliteserien 2018 19"]
[Site "Oslo og Tromsø"]
[Date "2018.11.02"]
[Round "3"]
[White "Elsness, Frode"]
[Black "Østmoe, Geir Sune Tallaksen"]
[Result "1/2-1/2"]
[WhiteElo "2440"]
[BlackElo "2434"]
[PlyCount "93"]
[EventDate "2018.??.??"]

1. c4 Nf6 2. Nc3 d5 3. cxd5 Nxd5 4. g3 Nb6 5. Bg2 g6 6. h4 h5 7. d3 Bg7 8. Bg5
Nc6 9. Qd2 Nd4 10. Rc1 c6 11. Nf3 Nxf3+ 12. Bxf3 Be6 13. Ne4 Bd5 14. O-O O-O
15. Bh6 Bxe4 16. Bxg7 Kxg7 17. Qc3+ Kg8 18. Bxe4 Qd6 19. Qa5 f5 20. Bf3 Nd7 21.
d4 f4 22. Kg2 fxg3 23. fxg3 Qxd4 24. Qc7 Ne5 25. Rfd1 Qxb2 26. Rb1 Qc3 27. Bd5+
Nf7 28. Rxb7 Qc2 29. Rf1 Qxe2+ 30. Rf2 Qxf2+ 31. Kxf2 cxd5 32. Kg2 Nd6 33. Rb3
Nf5 34. Qc6 Kh7 35. Qxd5 Rac8 36. Qe4 Rfd8 37. Rf3 Rd4 38. Qe2 Rcd8 39. Qe6 Rf8
40. Kh3 Rd2 41. a4 Ng7 42. Rf7 Rxf7 43. Qxf7 Re2 44. Qc4 Re6 45. Kg2 a6 46. Qc8
Rf6 47. a5
1/2-1/2

[Event "Eliteserien 2018 19"]
[Site "Oslo og Tromsø"]
[Date "2018.11.02"]
[Round "3"]
[White "Aulin-Jansson, Jøran"]
[Black "Gandrud, Vegar Koi"]
[Result "1-0"]
[WhiteElo "2258"]
[BlackElo "2316"]
[PlyCount "111"]
[EventDate "2018.??.??"]

1. Nf3 c5 2. g3 g6 3. Bg2 Bg7 4. O-O Nc6 5. e4 d6 6. d3 e6 7. Re1 Nge7 8. Nbd2
O-O 9. h4 h6 10. c3 e5 11. h5 g5 12. Nh2 f5 13. exf5 Nxf5 14. Nc4 Be6 15. Ne3
Nxe3 16. fxe3 Qd7 17. e4 Rf7 18. Be3 Raf8 19. Qe2 b5 20. Rf1 Rxf1+ 21. Rxf1
Rxf1+ 22. Bxf1 b4 23. a3 bxa3 24. bxa3 Qb7 25. Qc2 Qb3 26. Qc1 Bf7 27. Be2 c4
28. dxc4 Bxc4 29. Bd1 Qb7 30. Qd2 Qb1 31. Qc2 Bd3 32. Qxb1 Bxb1 33. Bb3+ Kf8
34. Bd5 Ne7 35. Bb7 a6 36. Nf3 Ng8 37. Nd2 Bd3 38. c4 Nf6 39. Bxa6 Nxe4 40.
Nxe4 Bxe4 41. a4 Ke8 42. a5 Kd7 43. Bb5+ Kc8 44. a6 Ba8 45. Kf2 Bf6 46. Be8 Bd8
47. Bf7 Ba5 48. Bd5 Bxd5 49. cxd5 Bc3 50. Kf3 Bd4 51. Bxg5 hxg5 52. Ke4 Bb6 53.
h6 Bd8 54. a7 Kb7 55. a8=Q+ Kxa8 56. Kf5
1-0

[Event "Eliteserien 2018 19"]
[Site "Oslo og Tromsø"]
[Date "2018.11.02"]
[Round "3"]
[White "Storme, Isak"]
[Black "Mihajlov, Svetoslav"]
[Result "1-0"]
[WhiteElo "2271"]
[BlackElo "2147"]
[PlyCount "105"]
[EventDate "2018.??.??"]

1. e4 c5 2. Nf3 a6 3. c3 Nf6 4. e5 Nd5 5. d4 cxd4 6. cxd4 d6 7. Bc4 Nb6 8. Bb3
e6 9. Bg5 Be7 10. Bxe7 Qxe7 11. Nc3 Nc6 12. O-O d5 13. Qd2 Na5 14. Bc2 Nbc4 15.
Qc1 Bd7 16. a3 Rc8 17. b3 Nb6 18. Qd2 Nc6 19. Ne2 Na7 20. Ng3 h5 21. h4 Nb5 22.
Bd3 Bc6 23. a4 Na7 24. Rfc1 g6 25. Ne2 Kf8 26. Nf4 Kg7 27. Ng5 Rh6 28. Re1 Be8
29. Re3 Nc6 30. Rg3 Nd8 31. Rc1 Rxc1+ 32. Qxc1 Qd7 33. Kh2 Nc8 34. Be2 Ne7 35.
Nxh5+ Rxh5 36. Bxh5 Nf5 37. Rc3 Nc6 38. Bg4 Nfxd4 39. Qf4 Qe7 40. h5 gxh5 41.
Bxh5 Nf5 42. Rh3 Kg8 43. g4 Ng7 44. Bxf7+ Bxf7 45. Nxf7 Qxf7 46. Rh8+ Kxh8 47.
Qxf7 Nxe5 48. Qf8+ Kh7 49. Kg3 Ng6 50. Qf7 b5 51. axb5 axb5 52. f4 Nh8 53. Qc7
1-0

[Event "Eliteserien 2018 19"]
[Site "Oslo og Tromsø"]
[Date "2018.11.02"]
[Round "3"]
[White "Predojevic, Borki"]
[Black "Salomon, Johan"]
[Result "1-0"]
[WhiteElo "2616"]
[BlackElo "2494"]
[PlyCount "153"]
[EventDate "2018.??.??"]

1. e4 e5 2. Nf3 Nc6 3. Bb5 Nf6 4. d3 Bc5 5. Bxc6 dxc6 6. O-O Nd7 7. Nbd2 O-O 8.
Nc4 Re8 9. Kh1 a5 10. a4 Bb4 11. Bd2 b6 12. b3 f6 13. Ng1 Nf8 14. f4 exf4 15.
Bxf4 Be6 16. Ne3 Qd7 17. Bg3 Ng6 18. Qf3 Bc3 19. Rad1 Ne5 20. Qf4 Rac8 21. Ne2
Bb4 22. h3 Bf8 23. Qf2 Ng6 24. Bh2 c5 25. Nf4 Nxf4 26. Bxf4 Qc6 27. Qf3 Rcd8
28. Rde1 Rd7 29. Qf2 Rde7 30. Bh2 Rf7 31. Qh4 Kh8 32. Rf3 Kg8 33. Ref1 Qd7 34.
Nf5 c6 35. Qg3 Kh8 36. Nd6 Bxd6 37. Qxd6 Qxd6 38. Bxd6 Rd7 39. Bg3 b5 40. Ra1
c4 41. axb5 cxb5 42. bxc4 bxc4 43. Rxa5 Kg8 44. Ra6 cxd3 45. cxd3 Bb3 46. Rc6
Red8 47. Rc3 Ba2 48. e5 Bd5 49. Rf2 fxe5 50. Bxe5 h6 51. d4 Ra8 52. Rc5 Ra2 53.
Rxa2 Bxa2 54. Kh2 Bd5 55. Ra5 Kf7 56. Kg3 Ke6 57. Ra6+ Kf7 58. Ra5 Ke6 59. Ra6+
Kf7 60. h4 h5 61. Kf2 Rb7 62. g3 Bc4 63. Rc6 Be6 64. Ke3 Bd5 65. Rd6 Rb3+ 66.
Kf4 Rf3+ 67. Kg5 Be6 68. Bf4 Bg4 69. Ra6 Rb3 70. Ra7+ Ke6 71. Rxg7 Kd5 72. Be5
Rf3 73. Kh6 Ke6 74. Rxg4 hxg4 75. Kg6 Rf8 76. h5 Rg8+ 77. Bg7
1-0

[Event "Eliteserien 2018 19"]
[Site "Oslo og Tromsø"]
[Date "2018.11.02"]
[Round "3"]
[White "Mihajlov, Sebastian"]
[Black "Lund, Gunnar"]
[Result "0-1"]
[WhiteElo "2363"]
[BlackElo "2228"]
[PlyCount "72"]
[EventDate "2018.??.??"]

1. d4 e6 2. e4 d5 3. Nd2 dxe4 4. Nxe4 Nd7 5. Nf3 Ngf6 6. Nxf6+ Nxf6 7. g3 b6 8.
Ne5 Bb7 9. Bb5+ c6 10. Qf3 Rc8 11. O-O Qc7 12. Bd3 Bd6 13. Nc4 O-O 14. Nxd6
Qxd6 15. c3 Qd7 16. Qf4 c5 17. Qh4 cxd4 18. cxd4 e5 19. Be3 e4 20. Bb1 Rfe8 21.
a3 Bd5 22. Bg5 Rc6 23. Re1 h6 24. Bd2 Qf5 25. f4 Rec8 26. h3 Qd7 27. g4 Rc4 28.
Be3 Bb7 29. Qf2 Ba8 30. Ba2 Rc2 31. Re2 Rxe2 32. Qxe2 Bd5 33. Bb1 Bc4 34. Qd2
h5 35. g5 Nd5 36. Kh2 Bf1
0-1

[Event "Eliteserien 2018 19"]
[Site "Oslo og Tromsø"]
[Date "2018.11.02"]
[Round "3"]
[White "Machlik, Monika"]
[Black "Melaa, Sondre Lillestøl"]
[Result "1/2-1/2"]
[WhiteElo "2071"]
[BlackElo "2035"]
[PlyCount "123"]
[EventDate "2018.??.??"]

1. d4 d5 2. c4 e6 3. Nc3 Nf6 4. cxd5 exd5 5. Bg5 c6 6. e3 Be7 7. Qc2 Nbd7 8.
Bd3 h6 9. Bh4 Nh5 10. Bxe7 Qxe7 11. O-O-O Nb6 12. Kb1 Nf6 13. Rc1 Be6 14. Nf3
O-O-O 15. Na4 Nfd7 16. Nxb6+ Nxb6 17. Ne5 Qd6 18. Qb3 f6 19. Ng6 Rhe8 20. Ka1
Kb8 21. h4 Rc8 22. Nf4 Bg8 23. Bf5 Rc7 24. Nd3 Nc4 25. Nc5 Ka8 26. Qc3 b6 27.
Na6 Rce7 28. Rhd1 Kb7 29. Nb4 a5 30. Nd3 a4 31. g3 Ra8 32. Qb4 Qxb4 33. Nxb4
Kc7 34. Bd3 Kd6 35. Bxc4 dxc4 36. Nc2 Bh7 37. Nb4 b5 38. a3 Be4 39. Rd2 g5 40.
hxg5 hxg5 41. Rf1 g4 42. Na2 Rb7 43. Re1 Rh7 44. Nc3 Bd3 45. e4 Re8 46. e5+
fxe5 47. Ne4+ Bxe4 48. Rxe4 Rh1+ 49. Ka2 Kd5 50. Rde2 Rf1 51. Rxg4 Rh8 52.
Rxe5+ Kd6 53. Rg6+ Kd7 54. Rg7+ Kd8 55. Rf5 Ke8 56. Rff7 Rhh1 57. Re7+ Kf8 58.
Ref7+ Ke8 59. Re7+ Kf8 60. Ref7+ Ke8 61. Re7+ Kf8 62. Ref7+
1/2-1/2

[Event "Eliteserien 2018 19"]
[Site "Oslo og Tromsø"]
[Date "2018.11.02"]
[Round "4"]
[White "Lie, Espen"]
[Black "Østmoe, Geir Sune Tallaksen"]
[Result "1/2-1/2"]
[WhiteElo "2492"]
[BlackElo "2434"]
[PlyCount "120"]
[EventDate "2018.??.??"]

1. Nf3 Nf6 2. b3 g6 3. Bb2 Bg7 4. g3 b6 5. Bg2 Bb7 6. O-O O-O 7. c4 c5 8. e3
Nc6 9. Qe2 Qc7 10. Nc3 Rad8 11. Rac1 Qb8 12. Rfd1 d5 13. Nxd5 Nxd5 14. Bxg7 Nf4
15. gxf4 Kxg7 16. d3 Rd6 17. a3 a5 18. Ne5 Rfd8 19. Nxc6 Bxc6 20. Bxc6 Rxc6 21.
b4 axb4 22. axb4 Rf6 23. b5 e5 24. fxe5 Qxe5 25. Rc2 Re8 26. Kh1 Rf5 27. Rg1
Qf6 28. Ra2 Rd8 29. f4 Qe7 30. Rd2 Re8 31. Re1 Qb7+ 32. Qg2 Qxg2+ 33. Kxg2 Rxf4
34. Rf2 Rg4+ 35. Kf3 Rh4 36. Kg3 Rh5 37. Rf3 Rg5+ 38. Kf2 Ra8 39. Re2 Ra1 40.
e4 Rgg1 41. e5 Rgf1+ 42. Ke3 Rxf3+ 43. Kxf3 f5 44. exf6+ Kxf6 45. Re8 Rf1+ 46.
Ke2 Rf5 47. d4 cxd4 48. Kd3 Rh5 49. Kxd4 Rxh2 50. Rb8 Rd2+ 51. Kc3 Rd6 52. c5
bxc5 53. b6 Kg5 54. Kc4 h5 55. Kxc5 Rd1 56. Ra8 Rc1+ 57. Kd6 Rd1+ 58. Kc6 Rc1+
59. Kd6 Rd1+ 60. Kc6 Rc1+
1/2-1/2

[Event "Eliteserien 2018 19"]
[Site "Oslo og Tromsø"]
[Date "2018.11.02"]
[Round "4"]
[White "Østenstad, Berge"]
[Black "Hobber, Anders"]
[Result "1-0"]
[WhiteElo "2440"]
[BlackElo "2310"]
[PlyCount "51"]
[EventDate "2018.??.??"]

1. c4 c6 2. e4 d5 3. cxd5 cxd5 4. exd5 Nf6 5. Nc3 Nxd5 6. Nf3 e6 7. Bc4 Nc6 8.
O-O Be7 9. d4 O-O 10. Re1 Nxc3 11. bxc3 b6 12. Bd3 Bb7 13. h4 Bxh4 14. Nxh4
Qxh4 15. Re3 h6 16. Rh3 Qe7 17. Rg3 Qh4 18. Rh3 Qe7 19. Qh5 f5 20. Bxh6 Qf7 21.
Qh4 Qf6 22. Bg5 Qg6 23. Be2 f4 24. Bd3 Rf5 25. Bxf5 exf5 26. Re1
1-0

[Event "Eliteserien 2018 19"]
[Site "Oslo og Tromsø"]
[Date "2018.11.02"]
[Round "4"]
[White "Blomqvist, Erik"]
[Black "Galchenko, Matvey"]
[Result "1-0"]
[WhiteElo "2491"]
[BlackElo "2361"]
[PlyCount "119"]
[EventDate "2018.??.??"]

1. Nf3 Nf6 2. g3 g6 3. b3 Bg7 4. Bb2 O-O 5. Bg2 c5 6. c4 Nc6 7. O-O d6 8. d4
cxd4 9. Nxd4 Bd7 10. Nc2 Rc8 11. Nc3 Qa5 12. Qd2 Qh5 13. Ne3 Be6 14. Ncd5 Bxd5
15. cxd5 Nb8 16. h4 Na6 17. b4 Rfd8 18. Rac1 Ra8 19. f4 Qh6 20. Bf3 Bh8 21. Kg2
Rac8 22. a3 Rxc1 23. Rxc1 Nd7 24. Ng4 Qf8 25. Bxh8 Kxh8 26. Qd4+ Qg7 27. Qxa7
Qb2 28. Qe3 Re8 29. Qc3+ Qxc3 30. Rxc3 Nb6 31. e4 Rc8 32. Rxc8+ Nxc8 33. Ne3
Kg7 34. Nc4 e6 35. e5 exd5 36. Nxd6 Nb6 37. Nxb7 Nc7 38. Nc5 f6 39. exf6+ Kxf6
40. a4 Ke7 41. Kf2 Kd6 42. Ke3 Nc8 43. Nd3 Nb6 44. Nb2 Nc8 45. Be2 Ne7 46. g4
h5 47. Nd3 hxg4 48. Bxg4 Nc6 49. f5 gxf5 50. Bxf5 d4+ 51. Ke4 Nd5 52. b5 Nc3+
53. Kf4 Nd8 54. Nb2 Nf7 55. h5 Nd5+ 56. Ke4 Nh6 57. Bg6 Kc5 58. Nd3+ Kc4 59.
Ne5+ Kc5 60. Nd7+
1-0

[Event "Eliteserien 2018 19"]
[Site "Oslo og Tromsø"]
[Date "2018.11.02"]
[Round "4"]
[White "Mikalsen, Erlend"]
[Black "Salomon, Johan"]
[Result "1/2-1/2"]
[WhiteElo "2357"]
[BlackElo "2494"]
[PlyCount "52"]
[EventDate "2018.??.??"]

1. e4 e5 2. Nc3 Nf6 3. Bc4 Bc5 4. d3 c6 5. Nf3 d6 6. O-O O-O 7. Bb3 a5 8. a4
Nbd7 9. Ne2 Bb6 10. c3 d5 11. Ng3 Re8 12. Qe2 Nc5 13. Bc2 Bc7 14. h3 Ne6 15.
Nh2 Nf4 16. Qf3 Be6 17. Re1 Qd7 18. Bxf4 exf4 19. Nh5 Nxh5 20. Qxh5 dxe4 21.
dxe4 Rad8 22. e5 g6 23. Qh4 h5 24. Nf3 Bd5 25. Qxf4 Bxf3 26. Qxf3 Rxe5
1/2-1/2

[Event "Eliteserien 2018 19"]
[Site "Oslo og Tromsø"]
[Date "2018.11.02"]
[Round "4"]
[White "Djurhuus, Rune"]
[Black "Flermoen, Peter"]
[Result "1-0"]
[WhiteElo "2457"]
[BlackElo "2314"]
[PlyCount "111"]
[EventDate "2018.??.??"]

1. d4 Nf6 2. c4 e6 3. Nc3 d5 4. cxd5 exd5 5. Bg5 Be7 6. e3 c6 7. Qc2 O-O 8. Bd3
h6 9. Bf4 Be6 10. h3 c5 11. dxc5 Nc6 12. Nf3 Nb4 13. Qd2 Nxd3+ 14. Qxd3 Bxc5
15. O-O Qe7 16. Rfd1 a6 17. Be5 Rfd8 18. Na4 Ba7 19. Bd4 b5 20. Bxa7 Rxa7 21.
Nc3 Rc8 22. Nd4 Rac7 23. a4 b4 24. Nce2 a5 25. Rdc1 Bd7 26. Rxc7 Rxc7 27. b3
Rc5 28. Rc1 Rxc1+ 29. Nxc1 Qc5 30. Nce2 Ne4 31. f3 Nd6 32. Kf2 g6 33. g4 Kg7
34. Nf4 Kf6 35. Nde2 Bc6 36. h4 Bb7 37. Qd1 Ke7 38. Qa1 Kd7 39. Qe5 Ne8 40. Nd4
Qe7 41. Qb8 Nd6 42. Nb5 Kc6 43. Nxd6 Qxd6 44. Qe8+ Qd7 45. Qe5 Qd8 46. g5 hxg5
47. hxg5 Qd6 48. Qg7 Qd7 49. Nd3 Qf5 50. Ne5+ Kc5 51. Qf8+ Kb6 52. Qd8+ Ka7 53.
Qxa5+ Kb8 54. Qd8+ Ka7 55. Nd7 d4 56. e4
1-0

[Event "Eliteserien 2018 19"]
[Site "Oslo og Tromsø"]
[Date "2018.11.02"]
[Round "4"]
[White "Mikalsen, Harald"]
[Black "Nordquelle, Daniel"]
[Result "1-0"]
[WhiteElo "2006"]
[BlackElo "2235"]
[PlyCount "53"]
[EventDate "2018.??.??"]

1. e4 e6 2. d4 d5 3. exd5 exd5 4. Bd3 Bd6 5. c3 Ne7 6. Qh5 Be6 7. Nf3 Ng6 8.
Ng5 Qf6 9. Nxh7 Qe7 10. O-O Nd7 11. Bxg6 fxg6 12. Qxg6+ Bf7 13. Qxg7 O-O-O 14.
Bg5 Qe2 15. Bxd8 Qh5 16. h4 Rg8 17. Nf6 Qxh4 18. Qh7 Qxh7 19. Nxh7 Kxd8 20. f4
Bg6 21. Ng5 Nf6 22. g3 Nh5 23. Kf2 Bf5 24. Nf7+ Kd7 25. Nh6 Rxg3 26. Nxf5 Rg4
27. Nxd6
1-0

[Event "Eliteserien 2018 19"]
[Site "Oslo og Tromsø"]
[Date "2018.11.02"]
[Round "4"]
[White "Lundeby, Øyvind Andersen"]
[Black "Stokke, Kjetil"]
[Result "1/2-1/2"]
[WhiteElo "2152"]
[BlackElo "2334"]
[PlyCount "92"]
[EventDate "2018.??.??"]

1. b3 g6 2. Bb2 Nf6 3. Nf3 Bg7 4. g3 c5 5. c4 O-O 6. Nc3 Nc6 7. Bg2 e5 8. O-O
d6 9. d3 Rb8 10. Nd2 a6 11. Nde4 Be6 12. Nxf6+ Bxf6 13. Nd5 Bg7 14. e3 b5 15.
Qd2 Ne7 16. Nxe7+ Qxe7 17. Rac1 Rfd8 18. e4 a5 19. f4 exf4 20. Bxg7 Kxg7 21.
Rxf4 h6 22. Rcf1 bxc4 23. bxc4 Qg5 24. Qxa5 Rd7 25. Qc3+ Qe5 26. Rc1 Ra7 27.
Qxe5+ dxe5 28. Rf2 Ra3 29. Rd2 Rd8 30. Bf1 f5 31. exf5 gxf5 32. Re2 Kf6 33.
Rce1 Rdxd3 34. Rxe5 Rd6 35. Rxc5 Rxa2 36. Rce5 Bd7 37. Rd5 Rxd5 38. cxd5 Rd2
39. Bg2 h5 40. h4 Rd4 41. Re3 f4 42. Rf3 Ke5 43. Rxf4 Rxf4 44. gxf4+ Kxf4 45.
Kh2 Ke5 46. Kg3 Be6
1/2-1/2

[Event "Eliteserien 2018 19"]
[Site "Oslo og Tromsø"]
[Date "2018.11.02"]
[Round "4"]
[White "Haldorsen, Benjamin"]
[Black "Stojanovic, Mihajlo"]
[Result "1/2-1/2"]
[WhiteElo "2454"]
[BlackElo "2508"]
[PlyCount "77"]
[EventDate "2018.??.??"]

1. e4 e6 2. d4 d5 3. Nc3 Nf6 4. e5 Nfd7 5. f4 c5 6. Nf3 Nc6 7. Be3 cxd4 8. Nxd4
Bc5 9. Qd2 Nxd4 10. Bxd4 Bxd4 11. Qxd4 Qb6 12. O-O-O Qxd4 13. Rxd4 Ke7 14. g3
b6 15. Bb5 Nb8 16. Re1 a6 17. Bf1 Nc6 18. Rd2 Bd7 19. b3 b5 20. Kb2 h6 21. a3
g6 22. Ne2 g5 23. Nd4 gxf4 24. gxf4 Rhg8 25. Nxc6+ Bxc6 26. Bh3 Rg7 27. Kc3 Bd7
28. Rg2 Rc8+ 29. Kd2 Rxg2+ 30. Bxg2 f6 31. exf6+ Kxf6 32. Bh3 a5 33. Re3 b4 34.
a4 Rb8 35. Rg3 Be8 36. Rg8 Kf7 37. Rg3 Kf6 38. Rg8 Kf7 39. Rg3
1/2-1/2

[Event "Eliteserien 2018 19"]
[Site "Oslo og Tromsø"]
[Date "2018.11.02"]
[Round "4"]
[White "Grandelius, Nils"]
[Black "Hauge, Lars Oskar"]
[Result "1/2-1/2"]
[WhiteElo "2682"]
[BlackElo "2466"]
[PlyCount "82"]
[EventDate "2018.??.??"]

1. d4 f5 2. Nc3 d5 3. Bf4 Nf6 4. e3 e6 5. Nf3 Bd6 6. Bd3 O-O 7. O-O b6 8. Ne2
Bb7 9. c4 Ne4 10. Rc1 Qe7 11. Bxd6 Nxd6 12. cxd5 exd5 13. Ne5 c5 14. b3 Na6 15.
Re1 Nc7 16. Qc2 Ne6 17. Qb2 Rac8 18. Qa3 a6 19. Qb2 Rfe8 20. f4 Rc7 21. dxc5
bxc5 22. b4 c4 23. Bb1 g6 24. a3 Rec8 25. Red1 Ba8 26. h3 Rb8 27. Qd2 Nb5 28.
Nc3 Rd8 29. a4 Nxc3 30. Qxc3 d4 31. Qe1 c3 32. Ba2 Bd5 33. Bxd5 Rxd5 34. exd4
Rxd4 35. Rxd4 Nxd4 36. Kh2 Qxb4 37. Nd3 Qc4 38. Qe8+ Kg7 39. Re1 Qxd3 40. Re7+
Rxe7 41. Qxe7+ Kg8
1/2-1/2

[Event "Eliteserien 2018 19"]
[Site "Oslo og Tromsø"]
[Date "2018.11.02"]
[Round "4"]
[White "Mihajlov, Sebastian"]
[Black "Tari, Aryan"]
[Result "1/2-1/2"]
[WhiteElo "2363"]
[BlackElo "2625"]
[PlyCount "104"]
[EventDate "2018.??.??"]

1. d4 Nf6 2. c4 e6 3. Nf3 d5 4. Nc3 dxc4 5. e3 a6 6. a4 b6 7. Bxc4 Bb7 8. O-O
Bb4 9. Qe2 O-O 10. Bd3 c5 11. dxc5 Bxc5 12. b3 Nc6 13. Bb2 Nb4 14. Bc4 Qc7 15.
h3 e5 16. Rfd1 e4 17. Nh2 Kh8 18. Na2 Nxa2 19. Bxf6 gxf6 20. Rxa2 f5 21. Qh5
Bd6 22. Nf1 Rad8 23. Rad2 Bc8 24. Qh6 Be5 25. Ng3 Bg7 26. Qg5 Rxd2 27. Rxd2 h6
28. Qf4 Qe5 29. Rd6 b5 30. Rxh6+ Kg8 31. Qxe5 Bxe5 32. axb5 axb5 33. Bxb5 Bxg3
34. fxg3 Be6 35. Bc4 Kg7 36. Rh4 Bxc4 37. bxc4 Rc8 38. Rf4 Rxc4 39. Rxf5 Rc3
40. Rf4 Rxe3 41. Kf2 Rb3 42. Rxe4 Kg6 43. g4 Rc3 44. Rf4 Rb3 45. Rf3 Rb4 46.
Kg3 Rc4 47. h4 Rb4 48. h5+ Kg5 49. Rf5+ Kh6 50. Rxf7 Rxg4+ 51. Kf3 Rg5 52. g4
Rxg4
1/2-1/2